[Event "42nd Olympiad 2016"]
[Site "Baku AZE"]
[Date "2016.09.09"]
[Round "7.66"]
[Board "4"]
[White "Aguiar, Cristiano"]
[Black "Kizza, Faruk Fauza Karim"]
[Result "0-1"]
[WhiteTitle "FM"]
[WhiteElo "2208"]
[BlackElo "2094"]
[WhiteTeam "Angola"]
[BlackTeam "Uganda"]
[WhiteFideId "10100911"]
[BlackFideId "10000526"]
[EventDate "2016.09.02"]

1. e4 e5 2. Nf3 Nf6 3. Nxe5 d6 4. Nf3 Nxe4 5. d4 d5 6. Bd3 Be7 7. O-O O-O 8. c4
c6 9. Re1 Nf6 10. b3 Bg4 11. Bb2 Nbd7 12. h3 Bh5 13. Nbd2 Re8 14. c5 Qc7 15. Qc2
Bg6 16. Bxg6 hxg6 17. g3 Bf8 18. b4 b6 19. Kg2 a5 20. a3 bxc5 21. bxc5 Be7 22.
Bc3 Bd8 23. a4 Rxe1 24. Rxe1 Nf8 25. Nb3 Ne4 26. Ba1 Ne6 27. Ne5 Rb8 28. f3 Nxg3
29. Kxg3 f6 30. Qxg6 Rxb3 31. Qe8+ Nf8 32. Qxc6 fxe5 33. Qxd5+ Qf7 34. Qxf7+
Kxf7 35. d5 Ng6 36. c6 Bc7 37. Rd1 Ke7 38. Kg4 Kd6 39. Kf5 Ne7+ 40. Kg4 Rb4+ 41.
Kh5 Nxd5 42. Kg6 Rh4 43. Re1 Ke6 44. Kxg7 Rxh3 45. Rf1 Bd8 0-1

[Event "42nd Olympiad 2016"]
[Site "Baku AZE"]
[Date "2016.09.09"]
[Round "7.67"]
[Board "1"]
[White "Eid, Fadi"]
[Black "Husbands, Orlando"]
[Result "1/2-1/2"]
[WhiteTitle "IM"]
[BlackTitle "FM"]
[WhiteElo "2354"]
[BlackElo "2257"]
[WhiteTeam "Lebanon"]
[BlackTeam "Barbados"]
[WhiteFideId "5300118"]
[BlackFideId "11101644"]
[EventDate "2016.09.02"]

1. e4 c5 2. Nf3 d6 3. d4 cxd4 4. Nxd4 Nf6 5. Nc3 a6 6. Be3 e5 7. Nb3 Be7 8. f3
Be6 9. Qd2 Nbd7 10. g4 b5 11. g5 Nh5 12. O-O-O b4 13. Nd5 Bxd5 14. exd5 a5 15.
Bb5 O-O 16. Bc6 a4 17. Na1 Nb6 18. b3 Rb8 19. Kb1 a3 20. Rhg1 Kh8 21. h4 f6 22.
g6 f5 23. gxh7 Bxh4 24. Rg6 f4 25. Bg1 Ng3 26. Re6 Nf5 27. c4 bxc3 28. Qxc3 Bf6
29. Qd3 g6 30. Rc1 Ng7 31. Qxg6 Nxe6 32. dxe6 Qe7 33. Be4 Qxe6 34. Bxb6 Rxb6 35.
Rg1 Rbb8 36. Rd1 Qe7 37. Nc2 Bg7 38. Rd5 Rf6 39. Qg1 Qc7 40. Nxa3 Qe7 41. Nb5
Rh6 42. a4 Rd8 43. Ka2 Qh4 44. Qb6 Rf8 45. Rxd6 Rxd6 46. Nxd6 Qh2+ 47. Ka3 Qd2
48. Qc7 Bf6 49. Nf7+ Rxf7 50. Qxf7 Be7+ 51. Qxe7 Qb2+ 52. Kb4 Qa3+ 53. Kxa3 1/2-1/2

[Event "42nd Olympiad 2016"]
[Site "Baku AZE"]
[Date "2016.09.09"]
[Round "7.67"]
[Board "2"]
[White "Del Castilho, Martyn"]
[Black "Kassis, Antoine LIB"]
[Result "1/2-1/2"]
[WhiteTitle "FM"]
[BlackTitle "FM"]
[WhiteElo "2248"]
[BlackElo "2142"]
[WhiteTeam "Barbados"]
[BlackTeam "Lebanon"]
[WhiteFideId "11100400"]
[BlackFideId "5300150"]
[EventDate "2016.09.02"]

1. e4 c5 2. Nf3 Nc6 3. d4 cxd4 4. Nxd4 g6 5. c4 Bg7 6. Be3 Nf6 7. Nc3 d6 8. Be2
O-O 9. O-O Nxd4 10. Bxd4 Bd7 11. f3 Bc6 12. Qd2 Nd7 13. Be3 a5 14. b3 Nc5 15.
Rab1 e6 16. Rfd1 Be5 17. Qe1 Qf6 18. Nb5 Rfd8 19. Qf2 Bxb5 20. cxb5 g5 21. Rd2
Bf4 22. Rbd1 Rac8 23. Bxf4 Qxf4 24. Qg3 Qe3+ 25. Qf2 Qf4 26. g3 Qf6 27. Rxd6
Rxd6 28. Rxd6 Qa1+ 29. Bf1 e5 30. Kg2 Ne6 31. Bc4 Nd4 32. Qd2 Kf8 33. Qxg5 Qxa2+
34. Kh3 Qxh2+ 35. Kg4 h5+ 36. Qxh5 Qxh5+ 37. Kxh5 Ke7 38. Rb6 Rc7 39. Bd5 Kd8
40. Rxb7 Rxb7 41. Bxb7 Nxb5 42. Bd5 Ke7 43. f4 exf4 44. gxf4 Nc3 45. Bc6 Kd6 46.
Ba8 a4 47. bxa4 Nxa4 48. Kh6 Nb6 49. Bb7 Ke7 50. Kg7 f6 51. Bc6 Nc4 52. Bd5 Nd6
53. Bc6 Nc4 54. Kg6 Ne3 55. Kg7 Nc4 56. Kg6 Ne3 57. Bb5 Ng2 58. f5 Nh4+ 59. Kg7
Nf3 60. Bc4 Ne5 61. Bd5 Nf3 62. Ba8 1/2-1/2

[Event "42nd Olympiad 2016"]
[Site "Baku AZE"]
[Date "2016.09.09"]
[Round "7.67"]
[Board "3"]
[White "Asmar, Elie"]
[Black "Poon, Yu Tien"]
[Result "1-0"]
[BlackTitle "FM"]
[WhiteElo "2026"]
[BlackElo "2196"]
[WhiteTeam "Lebanon"]
[BlackTeam "Barbados"]
[WhiteFideId "5301432"]
[BlackFideId "11101393"]
[EventDate "2016.09.02"]

1. e4 c5 2. Nf3 d6 3. Bb5+ Nc6 4. O-O Bd7 5. Re1 Nf6 6. c3 a6 7. Bf1 Bg4 8. h3
Bxf3 9. Qxf3 e6 10. Qd1 Qb6 11. Na3 d5 12. exd5 Nxd5 13. Nc4 Qc7 14. a4 Be7 15.
g3 O-O 16. Bg2 Rfd8 17. Qc2 Bf6 18. Ne3 Nb6 19. d3 Ne5 20. a5 Nc8 21. Nc4 Nxc4
22. dxc4 Ra7 23. Bf4 e5 24. Be3 b6 25. b4 Be7 26. Reb1 bxa5 27. bxa5 Nd6 28. Bd5
Ne8 29. Rb6 Nf6 30. Bg2 Qd7 31. Rab1 h5 32. Kh2 h4 33. g4 Bd6 34. Rd1 Qe7 35. g5
Nh5 36. g6 e4+ 37. Kg1 fxg6 38. Qxe4 Qxe4 39. Bxe4 Bh2+ 40. Kxh2 Rxd1 41. Bxg6
Ra8 42. Bxh5 Ra1 43. Bf3 Ra7 44. Bxc5 Rc7 45. Bd5+ 1-0

[Event "42nd Olympiad 2016"]
[Site "Baku AZE"]
[Date "2016.09.09"]
[Round "7.67"]
[Board "4"]
[White "Farley, Terry"]
[Black "Abdulaziz, Mahmoud"]
[Result "1-0"]
[WhiteTitle "IM"]
[BlackTitle "CM"]
[WhiteElo "2203"]
[BlackElo "2123"]
[WhiteTeam "Barbados"]
[BlackTeam "Lebanon"]
[WhiteFideId "11100095"]
[BlackFideId "5300401"]
[EventDate "2016.09.02"]

1. e4 g6 2. d4 Bg7 3. Nc3 d6 4. Bg5 c5 5. dxc5 Qa5 6. Qd2 Qxc5 7. Bd3 Nf6 8.
Nge2 O-O 9. f3 Nc6 10. O-O-O Ne5 11. h4 h5 12. Nf4 Nc4 13. Bxc4 Qxc4 14. g4 b5
15. Kb1 Be6 16. Ncd5 Nxe4 17. fxe4 Bxg4 18. Ne3 Qxe4 19. Nxg4 hxg4 20. Rhe1 Qf5
21. Nd5 Kh7 22. Nxe7 Qc5 23. h5 Be5 24. hxg6+ fxg6 25. Qd3 Rf5 26. Rh1+ Kg7 27.
Nxf5+ Kf7 28. Rh7+ Ke8 29. Nxd6+ Qxd6 30. Qxd6 Bxd6 31. Rxd6 1-0

[Event "42nd Olympiad 2016"]
[Site "Baku AZE"]
[Date "2016.09.09"]
[Round "7.68"]
[Board "1"]
[White "Giasi, Viresh"]
[Black "Mesfin, Leykun"]
[Result "1/2-1/2"]
[WhiteTitle "FM"]
[WhiteElo "1979"]
[BlackElo "2129"]
[WhiteTeam "Surinam"]
[BlackTeam "Ethiopia"]
[WhiteFideId "8200165"]
[BlackFideId "15700097"]
[EventDate "2016.09.02"]

1. e4 c5 2. Nc3 Nc6 3. Nge2 Nf6 4. g3 e5 5. Bg2 d6 6. d3 Be7 7. Nd5 Nxd5 8. exd5
Nb8 9. c4 O-O 10. O-O Nd7 11. a3 h5 12. Nc3 Nf6 13. Bg5 Ng4 14. Bxe7 Qxe7 15. h3
Nf6 16. Qe2 Bf5 17. Rae1 Rae8 18. f4 Qd7 19. Qd2 exf4 20. Rxe8 Rxe8 21. Rxf4
Bxh3 22. Rxf6 gxf6 23. Ne4 Rxe4 24. dxe4 Bg4 25. b4 b6 26. Kf2 Qe7 27. bxc5 bxc5
28. Bf3 Bxf3 29. Kxf3 Qe5 30. Qa5 Kg7 31. a4 f5 32. exf5 Qxf5+ 33. Ke3 Qg5+ 34.
Kf2 Qf5+ 35. Ke3 Qe5+ 36. Kf3 Qe7 37. Qd2 f5 38. Qb2+ Kg6 39. Qb8 Qe4+ 40. Kf2
Qd4+ 41. Kf3 Qe4+ 42. Kf2 Qe7 43. Qh8 f4 44. gxf4 Qh4+ 45. Kf3 Qg4+ 46. Ke3 Qg3+
47. Ke4 Qe1+ 48. Kf3 Qd1+ 49. Ke3 Qb3+ 50. Kf2 Qc2+ 51. Ke3 Qc1+ 52. Kf3 Qd1+
53. Ke3 Qg1+ 54. Kf3 Qg4+ 55. Ke3 Qg3+ 56. Ke4 Qe1+ 57. Kf3 Qd1+ 58. Ke3 Qb3+
59. Kf2 Qc2+ 60. Ke3 Qc1+ 61. Kf3 Qd1+ 62. Ke3 1/2-1/2

[Event "42nd Olympiad 2016"]
[Site "Baku AZE"]
[Date "2016.09.09"]
[Round "7.68"]
[Board "2"]
[White "Gebregziabher, Brehane Gebre Mic"]
[Black "Gajadin, Dewperkash"]
[Result "0-1"]
[WhiteTitle "CM"]
[BlackTitle "FM"]
[WhiteElo "1933"]
[BlackElo "2027"]
[WhiteTeam "Ethiopia"]
[BlackTeam "Surinam"]
[WhiteFideId "15700119"]
[BlackFideId "8200041"]
[EventDate "2016.09.02"]

1. d4 Nf6 2. c4 e6 3. Nf3 b6 4. Nc3 Bb7 5. Bg5 Be7 6. e3 O-O 7. Bd3 d5 8. O-O
Nbd7 9. cxd5 Nxd5 10. Nxd5 Bxg5 11. Nc3 Bf6 12. e4 c5 13. e5 Be7 14. Be4 Bxe4
15. Nxe4 cxd4 16. Qxd4 f5 17. Nc3 Nc5 18. Qc4 Qd3 19. Qf4 Rad8 20. Rac1 Ne4 21.
h4 Bc5 22. Nd1 a5 23. Ng5 Nxg5 24. Qxg5 Qd2 25. Ne3 Qxb2 26. Nc4 Qe2 27. Nxa5
Rd2 28. Qf4 Rd4 29. Qh2 Rg4 30. Nb3 f4 31. Nxc5 f3 32. g3 bxc5 33. Rfe1 Qd2 34.
Qh3 h5 35. Rcd1 Qb4 36. Rb1 Qc3 37. Rbc1 Qd2 38. Red1 Qb2 39. Rc4 Qe2 40. Rdc1
Qd2 41. R4c2 Qd3 42. Rxc5 Kh7 43. Qf1 Qg6 44. Kh2 Ra8 45. R5c3 Rxa2 46. Rxf3 Qe4
47. Rcc3 Qg6 48. Rce3 Rd2 49. Rf8 Re4 50. Qe1 Red4 51. Qa1 Rd1 52. Qa8 Rxh4+ 53.
Kg2 Rg1+ 0-1

[Event "42nd Olympiad 2016"]
[Site "Baku AZE"]
[Date "2016.09.09"]
[Round "7.68"]
[Board "3"]
[White "Sanches, Casanova Romario"]
[Black "Teklay, Teshager"]
[Result "1-0"]
[WhiteTitle "CM"]
[WhiteElo "2082"]
[BlackElo "1868"]
[WhiteTeam "Surinam"]
[BlackTeam "Ethiopia"]
[WhiteFideId "8200211"]
[BlackFideId "15700704"]
[EventDate "2016.09.02"]

1. c4 c5 2. Nc3 g6 3. g3 Bg7 4. Bg2 Nc6 5. d3 d6 6. e4 e5 7. Be3 Nge7 8. Qd2 h5
9. Rb1 Rb8 10. Bg5 Be6 11. Nd5 Bxd5 12. cxd5 Nd4 13. Nf3 f6 14. Be3 Qd7 15. O-O
g5 16. b4 Nxf3+ 17. Bxf3 g4 18. Bd1 Rc8 19. Qb2 b6 20. a4 Ng6 21. a5 Ke7 22.
bxc5 bxc5 23. a6 Bh6 24. Bxh6 Rxh6 25. Qa3 Rc7 26. Ba4 Qc8 27. Bc6 Nf8 28. Rb7
Nd7 29. Bxd7 Rxd7 30. Rfb1 Rh8 31. Rxd7+ Kxd7 32. Rb7+ Qc7 33. Qa4+ 1-0

[Event "42nd Olympiad 2016"]
[Site "Baku AZE"]
[Date "2016.09.09"]
[Round "7.68"]
[Board "4"]
[White "Fekadu, Desalegn Jimma"]
[Black "Hanoeman, Suradj"]
[Result "0-1"]
[BlackTitle "CM"]
[WhiteElo "2104"]
[BlackElo "2012"]
[WhiteTeam "Ethiopia"]
[BlackTeam "Surinam"]
[WhiteFideId "15700070"]
[BlackFideId "8200173"]
[EventDate "2016.09.02"]

1. d4 d5 2. c4 c6 3. Nc3 Nf6 4. Nf3 a6 5. e3 e6 6. Bd3 dxc4 7. Bxc4 b5 8. Be2
Be7 9. O-O O-O 10. Ne5 Bb7 11. Bf3 Qc7 12. Nd3 Nbd7 13. e4 Rfd8 14. Bf4 Qb6 15.
Be3 Qc7 16. e5 Nd5 17. Nxd5 cxd5 18. Rc1 Qa5 19. a3 Rdc8 20. Qe2 Rc4 21. Rxc4
bxc4 22. Nf4 Bc6 23. Bd2 Qb6 24. Bc3 Qb3 25. Qe3 Rb8 26. Bd1 Qb7 27. Bc2 Nf8 28.
Nh5 Be8 29. Qg3 g6 30. Nf6+ Bxf6 31. exf6 Nd7 32. Qg5 Qc7 33. Ba4 Nxf6 34. Qxf6
Bxa4 35. Bd2 Qd8 36. Qe5 Bd7 37. Bg5 Qf8 38. Be7 Qe8 39. Qf6 Ba4 40. h4 h6 41.
h5 Bc2 42. hxg6 Bxg6 43. Re1 Rxb2 44. Bb4 Kh7 45. Re3 Rb3 46. g4 Rxe3 47. fxe3
Qg8 48. Kh2 Be4 49. Qf4 f5 50. Qc7+ Qg7 51. Qxg7+ Kxg7 52. gxf5 exf5 53. Kg3 Kf7
54. Kf4 Ke6 55. Be1 h5 56. Kg5 Bf3 57. Bb4 Bg4 58. Be1 Kd7 59. Kf6 Kd6 60. Bg3+
Kc6 61. Be1 Kb5 62. Ke5 Bf3 63. Kxf5 Ka4 64. Kf4 Be4 0-1

[Event "42nd Olympiad 2016"]
[Site "Baku AZE"]
[Date "2016.09.09"]
[Round "7.69"]
[Board "1"]
[White "Mohamud, Hussein Ali"]
[Black "Mafnas, Peter"]
[Result "1-0"]
[WhiteElo "1606"]
[BlackElo "2095"]
[WhiteTeam "Somalia"]
[BlackTeam "Guam"]
[WhiteFideId "16100352"]
[BlackFideId "31000509"]
[EventDate "2016.09.02"]

1. e4 c6 2. d4 d5 3. Nc3 dxe4 4. Nxe4 Nd7 5. Bd3 Ngf6 6. Qe2 Nxe4 7. Bxe4 Nf6 8.
Nf3 Bg4 9. c3 e6 10. Bg5 Be7 11. Bc2 Qa5 12. Bxf6 Bxf6 13. h3 Bh5 14. O-O O-O
15. a4 c5 16. g4 Bg6 17. Bxg6 hxg6 18. g5 Be7 19. d5 Bd6 20. dxe6 fxe6 21. Qxe6+
Rf7 22. Nh4 Bf4 23. Nxg6 Qc7 24. Nxf4 Qxf4 25. g6 1-0

[Event "42nd Olympiad 2016"]
[Site "Baku AZE"]
[Date "2016.09.09"]
[Round "7.69"]
[Board "2"]
[White "Molod, Jonathan"]
[Black "Fidow, Kassim Hassan"]
[Result "1-0"]
[WhiteTitle "CM"]
[WhiteElo "1943"]
[BlackElo "1567"]
[WhiteTeam "Guam"]
[BlackTeam "Somalia"]
[WhiteFideId "31000185"]
[BlackFideId "16100239"]
[EventDate "2016.09.02"]

1. d4 Nf6 2. c4 e6 3. Nc3 Bb4 4. Bd2 O-O 5. Nf3 d5 6. e3 c5 7. dxc5 dxc4 8. Bxc4
Bxc5 9. O-O Nbd7 10. a3 a6 11. Qc2 b5 12. Bd3 Bb7 13. Ne4 Rc8 14. Qb1 h6 15. Rd1
Ng4 16. Bc3 f5 17. Ng3 Qb6 18. Nf1 Rf7 19. Bd4 f4 20. b4 Bxd4 21. exd4 Ngf6 22.
N1d2 g5 23. Ne4 g4 24. Nxf6+ Nxf6 25. Ne5 Rg7 26. g3 fxg3 27. hxg3 Rd8 28. Qb2
Rg5 29. Bf1 Rh5 30. Bg2 Bxg2 31. Kxg2 Qb7+ 32. f3 gxf3+ 33. Nxf3 Ng4 34. Rh1 Rf5
35. Qb3 Kg7 36. Rad1 Rdf8 37. Rd3 e5 38. dxe5 Nxe5 39. Rf1 Nxd3 40. Qxd3 R8f7
41. Qd4+ Kg6 42. Qd3 Rf6 43. g4 Qd5 44. gxf5+ Rxf5 45. Qxd5 Rxd5 46. Rc1 Rd6 47.
Kg3 h5 48. Rc3 Re6 49. Nd4 h4+ 50. Kh3 Re4 51. Nf3 Rc4 52. Ne5+ 1-0

[Event "42nd Olympiad 2016"]
[Site "Baku AZE"]
[Date "2016.09.09"]
[Round "7.70"]
[Board "1"]
[White "Al Ghamdi, Ahmed M"]
[Black "Phillips, Roy"]
[Result "1-0"]
[BlackTitle "FM"]
[WhiteElo "2192"]
[BlackElo "2234"]
[WhiteTeam "Saudi Arabia"]
[BlackTeam "Mauritius"]
[WhiteFideId "21500150"]
[BlackFideId "404136"]
[EventDate "2016.09.02"]

1. e4 c5 2. Nf3 Nc6 3. Bb5 g6 4. O-O Bg7 5. Re1 Nf6 6. c3 O-O 7. e5 Nd5 8. d4
cxd4 9. cxd4 Nc7 10. Ba4 d6 11. Bg5 b5 12. Bb3 Bg4 13. Nc3 Bxf3 14. gxf3 d5 15.
Qd3 h6 16. Bh4 g5 17. Bg3 e6 18. f4 gxf4 19. Bxf4 f5 20. Kh1 Qh4 21. Ne2 Ne7 22.
Rg1 Kh7 23. Rg3 Qh5 24. Rag1 Rg8 25. Bd1 Qf7 26. Bd2 Bf8 27. Nf4 Rxg3 28. Rxg3
Bg7 29. Bh5 Qf8 30. Ba5 1-0

[Event "42nd Olympiad 2016"]
[Site "Baku AZE"]
[Date "2016.09.09"]
[Round "7.70"]
[Board "2"]
[White "Li Ying, Patrick"]
[Black "Masrhi, Abdulrahman A"]
[Result "0-1"]
[WhiteTitle "CM"]
[WhiteElo "2131"]
[BlackElo "1900"]
[WhiteTeam "Mauritius"]
[BlackTeam "Saudi Arabia"]
[WhiteFideId "9700056"]
[BlackFideId "21501564"]
[EventDate "2016.09.02"]

1. d4 d5 2. Nf3 Nf6 3. Bf4 c5 4. e3 Nc6 5. Be2 Bf5 6. c3 Qb6 7. Qb3 c4 8. Qxb6
axb6 9. Nbd2 b5 10. Nh4 Bd7 11. h3 h6 12. Nhf3 Bf5 13. O-O e6 14. a3 Nd7 15.
Rfe1 Nb6 16. Bd1 b4 17. Bc7 bxc3 18. bxc3 Na4 19. Bxa4 Rxa4 20. e4 dxe4 21. Nxe4
Kd7 22. Bb6 Bxe4 23. Rxe4 Rxa3 24. Rd1 Rxc3 25. d5 exd5 26. Rxd5+ Bd6 27. Ne1
Ne7 28. Rd1 Rc8 29. Nf3 Rd3 30. Rde1 Nd5 31. Bd4 f6 32. Rb1 Rc7 33. Ne1 Rd2 34.
Ba7 Nc3 0-1

[Event "42nd Olympiad 2016"]
[Site "Baku AZE"]
[Date "2016.09.09"]
[Round "7.70"]
[Board "3"]
[White "Al Habeeb, Emad"]
[Black "Chinasamy, Devarajen"]
[Result "0-1"]
[BlackTitle "CM"]
[WhiteElo "2030"]
[BlackElo "2018"]
[WhiteTeam "Saudi Arabia"]
[BlackTeam "Mauritius"]
[WhiteFideId "21500029"]
[BlackFideId "9700072"]
[EventDate "2016.09.02"]

1. d4 Nf6 2. Nf3 e6 3. e3 b6 4. Bd3 Bb7 5. O-O Be7 6. c4 O-O 7. Nc3 d5 8. Qe2
Ne4 9. Ne5 Nd7 10. cxd5 exd5 11. f4 f6 12. Bxe4 Nxe5 13. Bxh7+ Kxh7 14. Qh5+ Kg8
15. fxe5 Qe8 16. Qg4 Bc8 17. Qf3 c6 18. Nxd5 Ba6 19. Nxe7+ Qxe7 20. Rd1 fxe5 21.
Qg3 Rad8 22. b3 exd4 23. exd4 Rxd4 24. Bb2 Re4 25. Re1 Be2 26. Kh1 Re3 27. Qg6
Re6 28. Qg3 Re3 29. Qg6 Re6 30. Qc2 Rf2 31. Qc3 Rg6 32. Rg1 Qe4 33. Qh3 Rgxg2
34. Qc8+ Rf8 35. Qxf8+ Kxf8 36. Rxg2 Bf3 37. Rf1 Ke8 38. Rxf3 Qxf3 39. Bxg7 a5
40. Bb2 b5 41. Kg1 c5 42. Rf2 Qd1+ 43. Rf1 Qg4+ 44. Kf2 a4 45. Re1+ Kd7 46. Re2
axb3 47. axb3 Qh3 48. Be5 Qxb3 49. h4 Qf7+ 50. Kg3 Qg6+ 51. Kf4 Qh6+ 52. Kg4
Qg6+ 53. Kf4 Kc6 54. Rh2 Qh5 55. Ke4 c4 56. Kd4 Qg4+ 57. Ke3 Kd5 58. Bf4 c3 59.
h5 Qe6+ 60. Kf3 Qe4+ 61. Kg4 c2 62. Kg5 Qxf4+ 63. Kxf4 c1=Q+ 64. Kf3 Qc3+ 65.
Kg2 Qd2+ 66. Kg3 Qe3+ 67. Kg4 Qg1+ 68. Kh3 Qg5 69. Rb2 Qxh5+ 70. Kg3 0-1

[Event "42nd Olympiad 2016"]
[Site "Baku AZE"]
[Date "2016.09.09"]
[Round "7.71"]
[Board "1"]
[White "Rayes, Abdul Kader"]
[Black "Prasad, Calvin"]
[Result "1-0"]
[BlackTitle "CM"]
[WhiteElo "2254"]
[BlackElo "2013"]
[WhiteTeam "Syria"]
[BlackTeam "Fiji"]
[WhiteFideId "7600801"]
[BlackFideId "11400072"]
[EventDate "2016.09.02"]

1. c4 Nf6 2. g3 c5 3. Nf3 Nc6 4. Bg2 d5 5. cxd5 Nxd5 6. Nc3 Nc7 7. O-O g6 8. d3
Bg7 9. Be3 b6 10. Qd2 O-O 11. Rfd1 Rb8 12. d4 cxd4 13. Nxd4 Nxd4 14. Bxd4 e5 15.
Be3 Bf5 16. Nd5 Nxd5 17. Bxd5 Qe7 18. Bg5 Bf6 19. Bxf6 Qxf6 20. Qb4 Rbc8 21.
Rac1 Kg7 22. Rxc8 Rxc8 23. Bb3 Bh3 24. f3 Qg5 25. Kf2 Rd8 26. Rxd8 Qxd8 27. Qc3
Qd4+ 28. Qxd4 exd4 29. g4 h5 30. gxh5 gxh5 31. Kg3 Bf5 32. Kf4 Bg6 33. Bc4 Kf6
34. Bd3 Bxd3 35. exd3 Ke6 36. Ke4 f5+ 37. Kxd4 h4 38. h3 Kd6 39. Ke3 Ke5 40. d4+
Kd5 41. Kf4 Kxd4 42. Kxf5 Ke3 43. Kg4 a5 44. f4 Ke4 45. f5 Ke5 46. Kg5 Kd6 47.
Kf6 1-0

[Event "42nd Olympiad 2016"]
[Site "Baku AZE"]
[Date "2016.09.09"]
[Round "7.71"]
[Board "2"]
[White "Kumar, Manoj"]
[Black "Bello, Gassan"]
[Result "0-1"]
[WhiteTitle "CM"]
[WhiteElo "1986"]
[BlackElo "2096"]
[WhiteTeam "Fiji"]
[BlackTeam "Syria"]
[WhiteFideId "11400064"]
[BlackFideId "7600569"]
[EventDate "2016.09.02"]

1. d4 d5 2. Nf3 Nf6 3. c4 c6 4. Nc3 dxc4 5. a4 Bf5 6. e3 e6 7. Bxc4 Bb4 8. O-O
Nbd7 9. Na2 Bd6 10. Nc3 O-O 11. Re1 Ne4 12. Nxe4 Bxe4 13. Bd3 Bg6 14. e4 Bb4 15.
Bd2 Qa5 16. Qb3 Bxd2 17. Nxd2 Qxd2 18. Rad1 Qa5 19. Qxb7 Nb6 20. Qxc6 Qxa4 21.
Bb5 Qb4 22. Ba6 Rfd8 23. Bb7 Rab8 24. d5 exd5 25. exd5 Nxd5 26. Ba6 Nf6 27. Qc7
Re8 28. Rxe8+ Rxe8 29. Qxa7 Re1+ 30. Rxe1 Qxe1+ 31. Bf1 Bd3 0-1

[Event "42nd Olympiad 2016"]
[Site "Baku AZE"]
[Date "2016.09.09"]
[Round "7.71"]
[Board "3"]
[White "Sohib, Okla"]
[Black "Sikivou, Taione"]
[Result "1-0"]
[WhiteElo "2153"]
[BlackElo "1812"]
[WhiteTeam "Syria"]
[BlackTeam "Fiji"]
[WhiteFideId "7602421"]
[BlackFideId "11400153"]
[EventDate "2016.09.02"]

1. d4 d5 2. Nf3 Nf6 3. g3 Bg4 4. Bg2 c6 5. O-O e6 6. c4 Be7 7. Nc3 O-O 8. h3 Bh5
9. g4 Bg6 10. Ne5 Nfd7 11. Nxg6 hxg6 12. Qb3 Qb6 13. e4 dxc4 14. Qxc4 c5 15. d5
Ne5 16. Qe2 c4 17. Be3 Qb4 18. a3 Qb3 19. f4 Nd3 20. e5 Bc5 21. Bxc5 Nxc5 22. f5
gxf5 23. gxf5 exf5 24. Rxf5 Nbd7 25. Raf1 Nd3 26. e6 N7e5 27. e7 Qb6+ 28. Kh1
Rfe8 29. Rxe5 Nxe5 30. Qxe5 f6 31. Qh5 Rxe7 32. d6 Qxd6 33. Bd5+ Re6 34. Re1 1-0

[Event "42nd Olympiad 2016"]
[Site "Baku AZE"]
[Date "2016.09.09"]
[Round "7.71"]
[Board "4"]
[White "Arvind, Goru"]
[Black "Alzaim, Talal"]
[Result "0-1"]
[WhiteTitle "CM"]
[WhiteElo "1717"]
[BlackElo "2259"]
[WhiteTeam "Fiji"]
[BlackTeam "Syria"]
[WhiteFideId "11400188"]
[BlackFideId "7600402"]
[EventDate "2016.09.02"]

1. f4 d5 2. Nf3 Nf6 3. d4 Bf5 4. e3 e6 5. Bd3 c5 6. Bxf5 exf5 7. O-O Nc6 8. c3
c4 9. Ne5 Bd6 10. Nd2 O-O 11. Ndf3 Ne4 12. Nxc6 bxc6 13. Nd2 Nf6 14. Nf3 a5 15.
Qc2 g6 16. Bd2 Re8 17. Ne5 Bxe5 18. fxe5 Ne4 19. Be1 a4 20. Rb1 Qg5 21. Bd2 f6
22. exf6 Nxd2 23. Qxd2 Qxe3+ 24. Qxe3 Rxe3 25. g4 fxg4 26. Rf4 h5 27. f7+ Kg7
28. Rbf1 Rf8 29. Rf6 a3 30. bxa3 Rxc3 31. Rxc6 Rxf7 32. Re1 g3 33. h4 Rf2 34. a4
Rcc2 35. a5 Rg2+ 36. Kh1 Rh2+ 37. Kg1 Rcg2+ 38. Kf1 Rxa2 39. Kg1 Rxh4 40. a6 g2
41. Rc7+ Kh6 0-1

[Event "42nd Olympiad 2016"]
[Site "Baku AZE"]
[Date "2016.09.09"]
[Round "7.72"]
[Board "1"]
[White "Ulloa, Ruben Guillermo"]
[Black "Mphungu, Gerrard"]
[Result "1-0"]
[BlackTitle "FM"]
[WhiteElo "2128"]
[BlackElo "2034"]
[WhiteTeam "Panama"]
[BlackTeam "Malawi"]
[WhiteFideId "6601243"]
[BlackFideId "20500220"]
[EventDate "2016.09.02"]

1. d4 d5 2. c4 e6 3. Nf3 Nf6 4. g3 Bb4+ 5. Bd2 Bxd2+ 6. Qxd2 c6 7. Bg2 b6 8. O-O
Bb7 9. Rc1 O-O 10. Nc3 Qe7 11. cxd5 cxd5 12. Qf4 Nc6 13. Nb5 Rfd8 14. Ne5 Rac8
15. Nd3 Ba6 16. a4 Bxb5 17. axb5 Na5 18. Ne5 Qd6 19. b4 Qxb4 20. Nc6 Nxc6 21.
bxc6 Qd6 22. c7 Rd7 23. Qxd6 Rxd6 24. Rxa7 Kf8 25. e3 Ne8 26. Bf1 Rd7 27. Bb5
Rcxc7 28. Rcxc7 Rxc7 29. Ra8 Re7 30. Rb8 g6 31. Kg2 f6 32. h4 Kf7 33. Rxb6 Ng7
34. g4 h6 35. Bd3 f5 36. Kg3 Kf6 37. f3 Ra7 38. Bc2 Ra2 39. Bb3 Ra5 40. Rb7 g5
41. h5 Ra8 42. Rb6 Rd8 43. Bc2 Rc8 44. Bb1 Rc3 45. Kf2 Rc7 46. Rb8 Rc3 47. Ke2
Rc1 48. Bd3 Nxh5 49. gxh5 Rh1 50. Kf2 Rh2+ 51. Kg1 Rxh5 52. Kg2 g4 53. Be2 Rg5
54. f4 Rh5 55. Bf1 Rh3 56. Kf2 Rf3+ 57. Ke2 Rg3 58. Rb3 h5 59. Kf2 Rf3+ 60. Kg1
h4 61. Bg2 Rg3 62. Kf2 Kf7 63. Rb8 Kg7 64. Re8 Kf7 65. Rh8 Rxg2+ 66. Kxg2 h3+
67. Kg3 Ke7 68. Rh6 Kf7 69. Kf2 Ke7 70. Ke2 Kd7 71. Kd2 Ke7 72. Kc3 Kf7 73. Kb4
Kg7 74. Rh4 Kg6 75. Kc5 Kg7 76. Kd6 Kf7 77. Ke5 1-0

[Event "42nd Olympiad 2016"]
[Site "Baku AZE"]
[Date "2016.09.09"]
[Round "7.72"]
[Board "2"]
[White "Mfune, Petros"]
[Black "Ramos, Efren Andres"]
[Result "1-0"]
[WhiteElo "1993"]
[BlackElo "2199"]
[WhiteTeam "Malawi"]
[BlackTeam "Panama"]
[WhiteFideId "20500033"]
[BlackFideId "6100538"]
[EventDate "2016.09.02"]

1. e4 e5 2. Nf3 Nc6 3. Bb5 a6 4. Bxc6 dxc6 5. O-O Bg4 6. d3 Qf6 7. Be3 Bd6 8.
Nbd2 Ne7 9. c4 Ng6 10. h3 Bxf3 11. Nxf3 O-O 12. c5 Be7 13. Qb3 h6 14. Rfe1 Rab8
15. d4 exd4 16. Bxd4 Qe6 17. Qxe6 fxe6 18. Be3 e5 19. Rad1 Rfd8 20. Kf1 Kf7 21.
Ke2 Ke6 22. Rxd8 Rxd8 23. g3 Nf8 24. Nd2 Nd7 25. Rc1 Bf6 26. b3 g5 27. Nc4 Be7
28. Na5 Rb8 29. b4 Nf6 30. Rc4 Nd7 31. f4 exf4 32. gxf4 gxf4 33. Bxf4 Ne5 34.
Rc3 Bg5 35. Bg3 Rd8 36. Bxe5 Kxe5 37. Nxb7 Rd2+ 38. Kf3 Rxa2 39. Na5 Rh2 40.
Nxc6+ Kf6 41. Kg3 Ra2 42. Rf3+ Ke6 43. Rf5 Ra3+ 44. Kg4 Bd2 45. Nd4+ Ke7 46. Rd5
Bc3 47. Nc6+ Ke6 48. Nd8+ Ke7 49. Kf5 Bb2 50. Nc6+ Kf8 51. Rd8+ Kf7 52. Rd7+ Kf8
53. e5 Rxh3 54. e6 Rf3+ 55. Ke4 Rf1 56. e7+ Kf7 57. Rd8 Re1+ 58. Kd3 Bg7 59. Rc8
h5 60. Rxc7 Bf6 61. Ra7 h4 62. Rxa6 h3 63. Ra2 Bxe7 64. Nxe7 Kxe7 65. Rh2 Ra1
66. Kc4 Ra3 67. Rd2 Rg3 68. c6 Rg2 69. Rd7+ Ke6 70. Rh7 h2 71. Kc5 Rc2+ 72. Kb6
Kd6 73. Rh6+ Kd5 74. b5 Rb2 75. c7 1-0